000 01111nam a2200289Ia 4500
008 130821s2010 ck ao gr spa
020 _a9789584475213
040 _aCo-BoUCM
_bspa
041 0 0 _aspa
245 0 3 _aLa historia detrás de estos ojos narrativas sobre el conflicto armado en Colombia
_cFernando Iván Méndez ...[et al.]
260 _aVillavicencio (Meta, Colombia)
_b[Editorial desconocida]
_c2010
300 _a396 páginas (v. 1)
_bilustraciones, fotografías
490 0 _aNarrativas Visibles
_v2010
500 _aIncluye índice.
650 0 4 _aConflicto armado
_zColombia
_911565
650 0 4 _aDesplazados por la violencia
_zColombia
_933105
650 0 4 _aViolencia política
_926287
650 0 4 _aViolencia
_9422
700 1 _aBonilla, Guillermo
_9168400
700 1 _aMarín García, Gloristelly
_9168401
700 1 _aPerales, Ana Elvira
_9168402
700 1 _aVargas, Martha Diani
_9168403
700 1 _aYanquen Salgado, Julia Consuelo
_9168404
710 2 _aDefensoria del Pueblo
_937191
942 _cLIBRO
_a5
_e1
_mH673d
_2DEWEY
_h303.62
999 _c73006
_d73006